Power Plant Engineering / (Record no. 152340)

MARC details
000 -LEADER
fixed length control field 00750nam a22002177a 4500
005 - DATE AND TIME OF LATEST TRANSACTION
control field 20180601110843.0
010 ## - LCCN (DPL NO)
LC control number B-694053
020 ## - INTERNATIONAL STANDARD BOOK NUMBER
International Standard Book Number 9789339204044
Terms of availability 735.00
035 ## - SYSTEM CONTROL NUMBER
System control number B-694053
037 ## - SOURCE OF ACQUISITION
Source of stock number/acquisition RK Books
082 ## - DEWEY DECIMAL CLASSIFICATION NUMBER
Classification number 621.3121
100 ## - MAIN ENTRY--PERSONAL NAME
Personal name Nag, P K
245 ## - TITLE STATEMENT
Title Power Plant Engineering /
Statement of responsibility, etc P K Nag
250 ## - EDITION STATEMENT
Edition statement 4th ed.
260 ## - PUBLICATION, DISTRIBUTION, ETC. (IMPRINT)
Place of publication, distribution, etc Tamilnadu
Name of publisher, distributor, etc Mc Graw Hill
Date of publication, distribution, etc 2017
270 ## - ADDRESS
Address 444/1, Sri Ekambara Naicker Industrial Estate, Alapakkam, Porur
City Chennai
Postal code 600116
300 ## - PHYSICAL DESCRIPTION
Extent 955p.
Dimensions 20cm (Pbk)
500 ## - GENERAL NOTE
General note Includes Index
942 ## - ADDED ENTRY ELEMENTS (KOHA)
Source of classification or shelving scheme Dewey Decimal Classification
Item type English Books
Classification part 621.3121
Call number suffix NAG
Holdings
Withdrawn status Lost status Not for loan Collection code Home library Current library Date acquired Source of acquisition Cost, normal purchase price Full call number Barcode Copy number Cost, replacement price Koha item type
      Non-fiction Sarojini Nagar Sarojini Nagar 01/06/2018 R.K.Books/398/23.05.2018/456/18.05.2018/29.05.2018 735.00 621.3121 NAG B-694053 1 735.00 English Books

© Delhi Public Library
Hit Counter
free hit counter